Loading...
| History - World History | 1 | 3 | 0 | 0 | 45 | 48 | 90.25 | 2 | 3 |
| History - American History | 0 | 3 | 0 | 1 | 30 | 87 | 106.33 | 0 | 0 |
| Social Science | 0 | 2 | 0 | 1 | 20 | 97 | 114.50 | 0 | 0 |
| History - European History | 0 | 2 | 0 | 2 | 20 | 112 | 118.00 | 0 | 1 |
| Literature - American Literature | 1 | 0 | 0 | 0 | 15 | 34 | 34.00 | 0 | 1 |
| Beliefs | 0 | 1 | 0 | 0 | 10 | 107 | 107.00 | 0 | 1 |
| History - Other History | 0 | 1 | 0 | 0 | 10 | 107 | 107.00 | 0 | 1 |
| Current Events | 0 | 1 | 0 | 1 | 10 | 123 | 123.00 | 0 | 0 |
| Fine Arts - Other Arts | 0 | 1 | 0 | 0 | 10 | 78 | 78.00 | 0 | 0 |
| Philosophy | 0 | 1 | 0 | 1 | 10 | 122 | 122.00 | 0 | 0 |
| Science - Other Science | 0 | 1 | 0 | 1 | 10 | 116 | 116.00 | 0 | 0 |
| Geography | 0 | 1 | 1 | 0 | 5 | 81 | 81.00 | 0 | 1 |
| History - Ancient History | 0 | 0 | 0 | 0 | 0 | 0.00 | 0 | 0 |